Relacio nes humanas : primer año /

Guardado en:
Autor Principal: Meier, Olga B. De
Formato: Libro
Publicado: Bah¡a Blanca : Impr. Palumbo, 1968
Materias:
Etiquetas: Agregar Etiqueta
Sin Etiquetas, Sea el primero en etiquetar este registro!
LEADER 00539nam a22001695a 4500
001 CEM.cems004287
008 130507s1968##################000#0#####d
005 20241216115258.0
245 1 0 |a Relacio nes humanas :  |b primer año / 
260 |a Bah¡a Blanca :  |b Impr. Palumbo,  |c 1968 
300 |a 58 p. 
100 1 |a Meier, Olga B. De 
082 0 4 |a 150.13 
653 |a Personalidad 
653 |a Relaciones humanas 
859 |a CEMS  |b BIB. CEMS - 11 de abril  |h 150.13  |i M475/I  |p 1925.74  |t Ej.2 
859 |a CEMS  |b BIB. CEMS - 11 de abril  |h 150.13  |i M475/I  |p 2224.74  |t Ej.3